Vrcholové řízení akciové společnosti

Kto riadi účastinnú spoločnosť - manažment, alebo akcionári. Riešenie tohto vzťahu v prechodnom období, v tržnej ekonomike. Orgány riadenia podniku v USA a V. Británii. Situácia v Česku: valné zhromaždenia, predstavenstvo, dozorná rada. - Zverejnenie čiastkových výsledkov teoretickej časti medzikate...

Description complète

Enregistré dans:
Détails bibliographiques
Auteur principal: Malý, Milan
Format: Chapitre de livre
Langue:tchèque
Sujets:
Tags: Ajouter un tag
Pas de tags, Soyez le premier à ajouter un tag!

MARC

LEADER 00000naa a2200000 4500
001 r000458
005 20220411124612.1
041 0 |a cze 
044 |a CZ 
245 1 0 |a Vrcholové řízení akciové společnosti  |c Milan Malý 
520 |a Kto riadi účastinnú spoločnosť - manažment, alebo akcionári. Riešenie tohto vzťahu v prechodnom období, v tržnej ekonomike. Orgány riadenia podniku v USA a V. Británii. Situácia v Česku: valné zhromaždenia, predstavenstvo, dozorná rada. - Zverejnenie čiastkových výsledkov teoretickej časti medzikatedrového výskumu VŠE Praha: Zmeny organizačnej architektúry českých podnikov v období transformácie. 
610 2 0 |a spoločnosti akciové 
610 2 0 |a riadenie 
610 2 0 |a manažment 
610 2 0 |a hospodárstvo trhové 
610 2 0 |a USA 
610 2 0 |a Veľká Británia 
610 2 0 |a Česko 
610 2 0 |a akcionári 
610 2 0 |a zhromaždenia valné 
610 2 0 |a rady dozorné 
610 2 0 |a úlohy výskumné 
100 1 |a Malý, Milan